Statistiques concernant Tous les personnages du Kingdom Hearts II version PAL (PS2)

Cliquez ici pour prendre le quiz!

Statistiques générales

  • Ce quiz a été pris 150 fois
  • Le résultat moyen est 88 sur 150

Statistiques - réponses

Réponse% Correct
Sora
100%
Donald
98%
Le Roi Mickey
98%
Dingo
97%
Kairi
97%
Riku
97%
Roxas
91%
Hercule
89%
Minnie
89%
Xemnas
89%
Maléfique
87%
Mulan
87%
Ariel
86%
Axel
86%
Daisy
86%
Ansem Le Sage
84%
Simba
84%
Cloud
83%
Aladdin
82%
Belle
82%
Mushu
82%
Hadès
81%
Jack Sparrow
80%
Jafar
80%
Léon
80%
Nala
80%
Naminé
80%
Scar
80%
Yensid
80%
Jasmine
79%
Pat Hibulaire
79%
Xigbar
79%
La Bête
78%
Luxord
78%
Polochon
78%
Saïx
78%
Sebastien
76%
Zexion
76%
Larxene
74%
Marluxia
74%
Megara
74%
Merlin
74%
Sephiroth
74%
Aerith
72%
Demyx
72%
Tac
72%
Tic
72%
Xaldin
72%
Xehanort
72%
Hayner
71%
Winnie
71%
Cid
70%
Jack Skellington
70%
Lumière
70%
Pence
70%
Sally
70%
Timon
70%
Tron
70%
Olette
69%
Ursula
69%
Pluto
68%
Tigrou
68%
Vexen
68%
Fifi
67%
Le Génie
67%
Loulou
67%
Porcinet
67%
Riri
67%
Am
64%
Oogie Boogie
64%
Philoctète
64%
Picsou
64%
Abu
63%
Big Ben
63%
Iago
63%
Coco Lapin
62%
Gram
62%
Lexaeus
62%
Mufasa
62%
Pégase
62%
Stram
62%
Pumbaa
60%
Eric
59%
Panique
59%
Youffie
59%
Vivi
58%
Bourriquet
57%
Tifa
57%
Peine
56%
Petit Gourou
56%
Auron
54%
Madame Samovar
53%
Peter Pan
53%
Seifer
53%
Will Turner
53%
Rafiki
52%
Ed
51%
Maman Gourou
50%
Stitch
50%
Zip
50%
Cerbère
49%
Maître Hibou
48%
Le Maire
47%
Le Roi Triton
46%
Shan-Yu
46%
Zéro
46%
Elizabeth Swann
44%
Le Père Noël
44%
Rikku
44%
Jetsam
43%
Setzer
43%
Ling
42%
Banzaï
41%
Capitaine Barbossa
41%
Flotsam
41%
L'Empereur
41%
Yao
40%
MCP
39%
Pimprenelle
39%
Pâquerette
38%
Shenzi
38%
Yuna
38%
Chicken Little
37%
Rai
37%
Flora
36%
Le Tapis Volant
36%
Li Shang
34%
Paine
34%
Commandant Sark
32%
Fuu
32%
Hydre
32%
Chien Po
31%
Horace
30%
La Taupe
30%
Le Marchand
30%
Clarabelle
28%
Selphie
28%
Jiminy Criquet
24%
Mogs
24%
Dr.Finkelstein
21%
La Garde-Robe
16%
Les Balais
12%
L'Expérience
12%
Fantôme De Scar
11%
La Baignoire
11%
Les Rennes
10%
Pirate Mort-Vivant A
9%
Pirate Mort-Vivant B
9%
Pirate Mort-Vivant C
9%
Programme Belliqueux
9%

Distribution des résultats

Percentile par nombre de réponses

% des personnes avec chaque résultat

Votre développement - résultats

Vous n’avez pas pris ce quiz